000 00468nam a2200157Ia 4500
008 180921t2017 xxu||||| |||| 00| 0 sin d
041 _asin
080 _a22/23 CHATHARI
245 _aචතාරික භාවනාව: දේව මෙහෙයේ දී ගැයෙන ගී
246 _aChatharika Bhavanawa: Deva Meheyedi Gayena Gee
260 _b
_a
_c2017
300 _b28p, 21cm
942 _cBK
999 _c540
_d540
003 LK-CoDNM
040 _aLK-CoDNM
_dLK-CoDNM
_eLK-CoDNM